| 000 | 00742nam a2200193 i 4500 | ||
|---|---|---|---|
| 001 | 102337 | ||
| 003 | ES-MaACL | ||
| 007 | t| | ||
| 008 | 051108s1984 sp ||||1| spa d | ||
| 100 | 1 |
_aMeneses Chaus, Juan M. _980345 |
|
| 245 | 1 | 0 |
_aPrograma de simulación para circuitos LSI _b: SPLICE : manual de usuario / _cJuan M. Meneses, C. López Barrio, E. Muñoz Merino. |
| 260 |
_aMadrid : _bEscuela Técnica Superior de Ingenieros de Telecomunicación, _c1984. |
||
| 300 |
_a63 p. ; _c29 cm. |
||
| 700 | 1 |
_aLópez Barrios, Carlos. _973445 |
|
| 700 | 1 |
_aMuñoz Merino, Elias. _9214113 |
|
| 710 | 2 |
_aEscuela Técnica Superior de Ingenieros de Telecomunicación (Madrid) _93611 |
|
| 852 |
_aES-MaACL _jL-7239 _bR.107849 |
||
| 999 |
_c102337 _d102337 |
||